000 00225nam a22000977a 4500
082 _a491
_bCUR/S
245 _aSHREE RAM HINDI BAL AKSHAR GEETH
260 _aTHRISSUR
_bCURRENT BOOKS
650 _aPOEM HINDI
_zTHRISSUR
942 _cBK
999 _c4867
_d4867